Economics of milk production in selected centres in the Southern Region (Record no. 13172)

MARC details
000 -LEADER
fixed length control field 00306nam a2200109Ia 4500
082 ## - DEWEY DECIMAL CLASSIFICATION NUMBER
Classification number RE.000;
100 ## - MAIN ENTRY--AUTHOR NAME
Personal name Institute for Techno Economic
245 #0 - TITLE STATEMENT
Title Economics of milk production in selected centres in the Southern Region
260 ## - PUBLICATION, DISTRIBUTION, ETC. (IMPRINT)
Year of publication 1972
942 ## - ADDED ENTRY ELEMENTS (KOHA)
Koha item type Books
Holdings
Withdrawn status Lost status Damaged status Not for loan Home library Current library Date acquired Full call number Accession Number Price effective from Koha item type
        NASSDOC Library NASSDOC Library 08/10/2004 RE.000; 4527 18/04/2019 Books